000 00966nam a2200289 a 4500
008
020 _a0865437041 (hardcover)
020 _a086543705X (pbk.)
020 _a086543705X (pbk.)
020 _a2869780745 (Senegal)
020 _a0889368554 (Canada)
049 _aMAIN
090 _aHC800
100 1 _aMkandawire, P. Thandika.
245 1 0 _aOur continent, our future :
_bAfrican perspectives on structural adjustment /
_cThandika Mkandawire & Charles C. Soludo.
260 _aTrenton, NJ :
_bAfrica World Press,
_cc1999.
300 _axiv, 176 p. :
_bill. ;
_c23 cm.
504 _aIncludes bibliographical references : p.145-153.
500 _aIncludes index.
650 0 _aStructural adjustment (Economic policy)
_zAfrica.
700 1 _aSoludo, Charles Chukwuma.
907 _a.b10009644
_b07-07-03
_c17-04-03
003
005 20230123133320.0
040 _cNUST
942 _cBOOKS
_kHC800
999 _c146474
_d146474